| 000 | 00852nas a2200277 4500 | ||
|---|---|---|---|
| 001 | BR9800519 | ||
| 003 | BR-BrBNA | ||
| 005 | 20231205100717.0 | ||
| 007 | ta | ||
| 008 | 230509b bl.|||p| |||| 00| 00por d | ||
| 040 |
_aBR-BrBNA _bpor _cBiblioteca Nacional de Agricultura |
||
| 041 | _a(Pt) | ||
| 072 | _aL10; L53 | ||
| 100 | 1 | _aPineda, N. | |
| 100 | 1 | _aLemos, P.F. | |
| 100 | 1 | _aFonseca, V.O. | |
| 245 | 1 | _aComparacao entre dois testes do compostamento sexual (libido)de touros Nelore (Bos taurus indicus) | |
| 650 | _aGado Nelore | ||
| 650 | _aComportamento Sexual | ||
| 650 | _aAcasalamento | ||
| 650 | _aSemen | ||
| 650 | _aFertilidade Animal | ||
| 773 | 0 |
_tRevista Brasileira de Reproducao Animal (Brazil) _xISSN 0102-0803 _g(1997), v. 21(4) p. 29-34 _wBR9800519 |
|
| 909 |
_a202311 _bLúcia _c55 _dLúcia Elande |
||
| 942 |
_2AGRIS _n0 _cANA |
||
| 999 |
_c157607 _d157607 |
||